El detalle en el diseño contemporáneo de escaleras / (Registro nro. 5028)
[ vista simple ]
| 000 -LEADER | |
|---|---|
| fixed length control field | 01089nam a22002897a 4500 |
| 003 - CONTROL NUMBER IDENTIFIER | |
| control field | PE SENCICO BE |
| 005 - DATE AND TIME OF LATEST TRANSACTION | |
| control field | 20251020182709.0 |
| 008 - FIXED-LENGTH DATA ELEMENTS--GENERAL INFORMATION | |
| fixed length control field | 241217b |||||||| |||| 00| 0 eng d |
| 020 ## - INTERNATIONAL STANDARD BOOK NUMBER | |
| International Standard Book Number | 978-84-9801-769-4 |
| 040 ## - CATALOGING SOURCE | |
| Original cataloging agency | PE SENCICO BE |
| Transcribing agency | PE SENCICO BE |
| 041 ## - LANGUAGE CODE | |
| Language code of text/sound track or separate title | spa |
| 082 ## - DEWEY DECIMAL CLASSIFICATION NUMBER | |
| Classification number | 721.832 |
| Item number | B23 |
| 100 1# - MAIN ENTRY--PERSONAL NAME | |
| 9 (RLIN) | 2761 |
| Personal name | Barton, Paul |
| Relator term | autor |
| 245 1# - TITLE STATEMENT | |
| Title | El detalle en el diseño contemporáneo de escaleras / |
| Statement of responsibility, etc. | Paul Barton |
| 250 ## - EDITION STATEMENT | |
| Edition statement | [1a ed.] |
| 260 ## - PUBLICATION, DISTRIBUTION, ETC. | |
| Place of publication, distribution, etc. | Barcelona : |
| Name of publisher, distributor, etc. | Blume ; |
| Date of publication, distribution, etc. | 2014 |
| 300 ## - PHYSICAL DESCRIPTION | |
| Extent | 184 p. : |
| Other physical details | planos, diagramas, ilustraciones ; |
| Dimensions | 29 cm. |
| 505 0# - FORMATTED CONTENTS NOTE | |
| Formatted contents note | Residencial -- Cultural -- Locales comerciales -- Oficinas -- Hoteles |
| 520 3# - SUMMARY, ETC. | |
| Summary, etc. | Cada proyecto de muestra en cuatro páginas claras y concisas. Todos los planos se presentan en un formato consistente y a escalas arquitectónicas estandar para realizar comparaciones con facilidad. |
| 650 10 - SUBJECT ADDED ENTRY--TOPICAL TERM | |
| 9 (RLIN) | 1656 |
| Topical term or geographic name entry element | Escaleras |
| 650 20 - SUBJECT ADDED ENTRY--TOPICAL TERM | |
| 9 (RLIN) | 6 |
| Topical term or geographic name entry element | Oficinas |
| 650 20 - SUBJECT ADDED ENTRY--TOPICAL TERM | |
| 9 (RLIN) | 1806 |
| Topical term or geographic name entry element | Hoteles |
| 650 20 - SUBJECT ADDED ENTRY--TOPICAL TERM | |
| 9 (RLIN) | 880 |
| Topical term or geographic name entry element | Centros comerciales |
| 650 20 - SUBJECT ADDED ENTRY--TOPICAL TERM | |
| 9 (RLIN) | 18 |
| Topical term or geographic name entry element | Diseño arquitectónico |
| 910 ## - USER-OPTION DATA (OCLC) | |
| User-option data | hfp |
| -- | hfp |
| -- | hfp |
| 942 ## - ADDED ENTRY ELEMENTS (KOHA) | |
| Source of classification or shelving scheme | Dewey Decimal Classification |
| Koha item type | Libros |
| Fecha de la última vez que lo usaron | Pago total | Signatura topográfica completa | Código de barras | Precio efectivo desde | Tipo de documento | Estado perdido | Sistema de clasificación | Estado dañado | No es para préstamo | Retirado | Ubicación permanente | Ubicación actual | Fecha de adquisición | Fuente de adquisición |
|---|---|---|---|---|---|---|---|---|---|---|---|---|---|---|
| 17/12/2024 | 721.832/B23 | BibLima24120026 | 17/12/2024 | Libros | Dewey Decimal Classification | Biblioteca Central Lima | Biblioteca Central Lima | 18/11/2024 | Comprado de la librería Cydma Tech |